[Event "?"]
[Site "ICS rated blitz match, 192.23"]
[Date "1997.??.??"]
[Round "?"]
[White "Brause"]
[Black "Kiriakos"]
[Result "1/2-1/2"]
[WhiteElo "2510"]
[BlackElo "2100"]
[PlyCount "91"]

1. e4 e5 2. Nf3 Nc6 3. Nc3 Nf6 4. Nxe5 Nxe5 5. d4 Ng6 6. e5 Ng8 7. Bc4 d5 8.
Bxd5 c6 9. Be4 Bb4 10. O-O Bxc3 11. bxc3 Be6 12. Qd3 Bd5 13. Bxg6 hxg6 14. Qg3
Qh4 15. Qxh4 Rxh4 16. f3 Rh8 17. Bg5 Ne7 18. Rab1 b5 19. a3 Kd7 20. Rf2 Ke6 21.
Rd1 Nc8 22. g4 Nb6 23. Rb1 Na4 24. Bd2 f6 25. Re1 fxe5 26. Rxe5+ Kf7 27. Kg2
Rhe8 28. Rfe2 Rxe5 29. Rxe5 Re8 30. Rxe8 Kxe8 31. Kg3 Kf7 32. Kf4 Kf6 33. h4
Nb6 34. Bc1 Nc4 35. Kg3 a5 36. Bg5+ Ke6 37. Bc1 Nd6 38. Kf2 Ba2 39. Ke2 Kd5 40.
Bg5 Bc4+ 41. Kf2 Ba2 42. Ke2 Nf7 43. Be7 Kc4 44. Kd2 Kd5 45. Ke2 Nd6 46. Bg5
1/2-1/2

[Event "?"]
[Site "ICS rated blitz match, 192.23"]
[Date "1997.??.??"]
[Round "?"]
[White "Brause"]
[Black "Kiriakos"]
[Result "1-0"]
[WhiteElo "2500"]
[BlackElo "2110"]
[PlyCount "85"]

1. e4 e5 2. Nf3 Nc6 3. Nc3 Nf6 4. Nxe5 Nxe5 5. d4 Ng6 6. e5 Ng8 7. Bc4 d5 8.
Bxd5 c6 9. Be4 Bb4 10. O-O Bxc3 11. bxc3 Be6 12. Qd3 Bd5 13. Bxg6 hxg6 14. Qg3
Qh4 15. Qxh4 Rxh4 16. f3 Ne7 17. Re1 Rh8 18. Bg5 Kd7 19. Reb1 b5 20. a4 a6 21.
Ra3 Nc8 22. Rba1 Nb6 23. axb5 axb5 24. Ra7+ Ke6 25. Re7+ Kf5 26. Rxa8 Rxa8 27.
h4 Bxf3 28. Rxf7+ Ke6 29. Re7+ Kd5 30. gxf3 Kc4 31. Rxg7 Kxc3 32. Rxg6 Kxd4 33.
e6 Nd5 34. e7 Re8 35. Rd6 Kc3 36. Rd8 Rxe7 37. Rxd5 cxd5 38. Bxe7 Kxc2 39. Bf6
b4 40. Kf2 b3 41. Ke3 b2 42. Bxb2 Kxb2 43. Kd4 1-0

[Event "?"]
[Site "ICS rated blitz match, 192.23"]
[Date "1997.??.??"]
[Round "?"]
[White "Brause"]
[Black "Kiriakos"]
[Result "1-0"]
[WhiteElo "2505"]
[BlackElo "2105"]
[PlyCount "71"]

1. e4 e5 2. Nf3 Nc6 3. Nc3 Nf6 4. Nxe5 Nxe5 5. d4 Ng6 6. e5 Ng8 7. Bc4 d5 8.
Bxd5 c6 9. Be4 Bb4 10. O-O Bxc3 11. bxc3 Be6 12. Qd3 Bd5 13. Bxg6 hxg6 14. Qg3
Qh4 15. Qxh4 Rxh4 16. f3 Rh8 17. Ba3 O-O-O 18. Bd6 Rd7 19. Bc5 Kb8 20. Bd6+ Ka8
21. Rfb1 Ne7 22. Rb4 Nc8 23. c4 Be6 24. c5 f6 25. c4 g5 26. Rd1 Ne7 27. exf6
Nf5 28. fxg7 Nxg7 29. f4 gxf4 30. Bxf4 Nf5 31. Be5 Rg8 32. Rd3 a6 33. h3 Nh4
34. g4 Ng6 35. Bd6 Rgg7 36. d5 1-0

[Event "?"]
[Site "ICS rated blitz match, 192.23"]
[Date "1997.??.??"]
[Round "?"]
[White "Brause"]
[Black "Kiriakos"]
[Result "1-0"]
[WhiteElo "2495"]
[BlackElo "2115"]
[PlyCount "111"]

1. e4 e5 2. Nf3 Nc6 3. Nc3 Nf6 4. Nxe5 Nxe5 5. d4 Ng6 6. e5 Ng8 7. Bc4 d5 8.
Bxd5 c6 9. Be4 Bb4 10. Bxg6 hxg6 11. Bf4 Ne7 12. O-O Bxc3 13. bxc3 Be6 14. Bg5
Qd7 15. Qd3 b5 16. Rfd1 O-O 17. a4 a6 18. Rd2 Bc4 19. Qg3 Nf5 20. Qf3 Qd5 21.
Qh3 Rfe8 22. Qg4 Qe6 23. f3 Ne7 24. Qxe6 fxe6 25. axb5 cxb5 26. Bxe7 Rxe7 27.
Ra5 Bd5 28. Kf2 Rc7 29. Rd3 Rc4 30. h4 Bb7 31. Ke3 Rac8 32. Ra3 b4 33. Rb3 a5
34. cxb4 axb4 35. Rb2 Bd5 36. Rd2 Ra8 37. Kf2 Ra1 38. Kg3 Kh7 39. Kf4 Kg8 40.
Kg5 Kf7 41. Kg4 Rg1 42. Kf4 Ra1 43. Kg3 Kg8 44. Kf2 Kh7 45. f4 Kh6 46. Kg3 Kh5
47. Kf2 Kg4 48. Rb3 Ra2 49. Rg3+ Kh5 50. Rg5+ Kh6 51. h5 gxh5 52. g4 Raxc2 53.
Rxh5+ Kg6 54. Rxc2 Rxc2+ 55. Ke3 b3 56. f5+ 1-0

[Event "?"]
[Site "ICS rated blitz match, 192.23"]
[Date "1997.??.??"]
[Round "?"]
[White "Brause"]
[Black "Kiriakos"]
[Result "1-0"]
[WhiteElo "2500"]
[BlackElo "2105"]
[PlyCount "63"]

1. e4 e5 2. Nf3 Nc6 3. Nc3 Nf6 4. Nxe5 Nxe5 5. d4 Ng6 6. e5 Ng8 7. Bc4 d5 8.
Bxd5 c6 9. Be4 Bb4 10. Bxg6 hxg6 11. Bf4 Be6 12. O-O Bxc3 13. bxc3 Ne7 14. Bg5
Qd5 15. Qb1 b5 16. Qb4 Nc8 17. Rfe1 a5 18. Qa3 Qd7 19. Rab1 Ne7 20. Rb2 Nd5 21.
Qc5 Rh5 22. Bd2 Ne7 23. Bf4 Kf8 24. Be3 Kg8 25. f3 Nd5 26. Bd2 Rc8 27. c4 bxc4
28. Bxa5 c3 29. Bxc3 Nxc3 30. Qxc3 c5 31. dxc5 Qc6 32. g4 1-0

[Event "?"]
[Site "ICS rated blitz match, 192.23"]
[Date "1997.??.??"]
[Round "?"]
[White "Brause"]
[Black "K6-Krafty"]
[Result "1-0"]
[WhiteElo "2485"]
[BlackElo "2675"]
[PlyCount "137"]

1. e4 e5 2. Nf3 Nc6 3. Nc3 Nf6 4. Nxe5 Nxe5 5. d4 Nc6 6. d5 Na5 7. e5 Ng8 8. d6
cxd6 9. exd6 Qf6 10. Qe2+ Qe6 11. Nb5 Qxe2+ 12. Bxe2 Rb8 13. Be3 Nc6 14. O-O-O
b6 15. Rhe1 Ne5 16. Nxa7 Bb7 17. Bd4 f6 18. f4 Bxd6 19. fxe5 Bxe5 20. Bxe5 fxe5
21. Bb5 Nf6 22. Rxe5+ Kf8 23. Bxd7 Bxg2 24. Bc8 Kf7 25. Be6+ Kf8 26. Nc8 g6 27.
Rb5 Kg7 28. Nxb6 Rb7 29. Rd6 Rf8 30. c4 Ne4 31. Rd4 Rf1+ 32. Kc2 Rf2+ 33. Kd3
Re7 34. Rd7 Rd2+ 35. Ke3 Rdxd7 36. Bxd7 Nc3+ 37. Kd3 Nxb5 38. Bxb5 Re1 39. b4
Rh1 40. a4 Rxh2 41. c5 Bf1+ 42. Ke3 Rh3+ 43. Kf2 Bxb5 44. axb5 Rh2+ 45. Ke3
Rh3+ 46. Kd2 Rh2+ 47. Kd3 Rh3+ 48. Kc4 Rh4+ 49. Kb3 Rh3+ 50. Ka4 Rc3 51. Nd5
Rd3 52. c6 Rxd5 53. c7 Rd1 54. c8=Q Ra1+ 55. Kb3 Rb1+ 56. Kc2 Rf1 57. b6 Rf2+
58. Kb3 Rf3+ 59. Qc3+ Rxc3+ 60. Kxc3 g5 61. b5 g4 62. b7 Kg6 63. b6 h5 64. b8=Q
Kf7 65. Qf4+ Ke7 66. b7 h4 67. Qxg4 Kf6 68. b8=Q Kf7 69. Qc7+ 1-0

[Event "?"]
[Site "ICS rated blitz match, 192.23"]
[Date "1997.??.??"]
[Round "?"]
[White "Brause"]
[Black "capivara"]
[Result "1-0"]
[WhiteElo "2500"]
[BlackElo "2085"]
[PlyCount "87"]

1. e4 e5 2. Nf3 Nc6 3. Nc3 Nf6 4. Nxe5 Nxe5 5. d4 Ng6 6. e5 Ng8 7. Bc4 N8e7 8.
Qf3 f6 9. exf6 d5 10. fxe7 Qxe7+ 11. Be2 c6 12. O-O Bd7 13. Bd3 O-O-O 14. b3
Qb4 15. Ne2 Bd6 16. Qf7 Rhg8 17. c3 Qb6 18. Qf3 Qc7 19. Qh5 Rde8 20. Ng3 Nf4
21. Bxf4 Bxf4 22. Qxh7 g5 23. Bf5 Bxf5 24. Qxc7+ Kxc7 25. Nxf5 Re2 26. Rfe1
Rge8 27. Ne3 Rxe1+ 28. Rxe1 Kd6 29. g3 Bxe3 30. Rxe3 Rg8 31. Kf1 c5 32. dxc5+
Kxc5 33. Re7 Kc6 34. h3 a5 35. a4 b6 36. Re6+ Kc5 37. Kg2 b5 38. Ra6 b4 39.
Rxa5+ Kc6 40. cxb4 d4 41. Kf3 Re8 42. Rxg5 d3 43. Rc5+ Kb6 44. Rd5 1-0

[Event "?"]
[Site "ICS rated blitz match, 192.23"]
[Date "1997.??.??"]
[Round "?"]
[White "Brause"]
[Black "Kiriakos"]
[Result "1-0"]
[WhiteElo "2545"]
[BlackElo "2085"]
[PlyCount "134"]

1. e4 e5 2. Nf3 Nc6 3. Nc3 Nf6 4. Nxe5 Nxe5 5. d4 Ng6 6. e5 Ng8 7. Bc4 d5 8.
Bxd5 c6 9. Be4 Bb4 10. Bxg6 hxg6 11. Bf4 Ne7 12. Bg5 Be6 13. O-O Bxc3 14. bxc3
Qd7 15. Qd3 O-O 16. c4 Nc8 17. Rab1 Nb6 18. Rb4 Bxc4 19. Rxc4 Nxc4 20. Qxc4 Qd5
21. Qxd5 cxd5 22. Rb1 b6 23. Rb2 Rac8 24. Bd2 Rc4 25. c3 Ra4 26. Kf1 Rc8 27.
Ke2 Kf8 28. Kd3 Ke7 29. g4 Ke6 30. f3 Rcc4 31. Rc2 Ra5 32. Bc1 Rb5 33. f4 Rb1
34. h4 Ra1 35. h5 Ra4 36. hxg6 fxg6 37. a3 Rc4 38. Ke3 Rc8 39. Bb2 Rf1 40. Rf2
Rxf2 41. Kxf2 b5 42. Kg2 a6 43. g5 Rh8 44. Bc1 Kf5 45. Bd2 Rh5 46. Be3 Rh4 47.
Bd2 Rg4+ 48. Kf2 Rh4 49. Kg2 Rh8 50. Be3 Ke4 51. Bd2 Kd3 52. Be1 Kc2 53. Kf3
Kb3 54. Kg4 Kxa3 55. f5 gxf5+ 56. Kxf5 Kb3 57. e6 a5 58. Kg6 a4 59. Kxg7 Ra8
60. c4 bxc4 61. e7 a3 62. Ba5 a2 63. Bd8 a1=Q 64. e8=Q Qxd4+ 65. Kh6 Qh4+ 66.
Kg6 Ra6+ 67. Bf6 Rxf6+ 1-0

[Event "?"]
[Site "ICS rated blitz match, 192.23"]
[Date "1997.??.??"]
[Round "?"]
[White "Brause"]
[Black "Kiriakos"]
[Result "1-0"]
[WhiteElo "2550"]
[BlackElo "2085"]
[PlyCount "125"]

1. e4 e5 2. Nf3 Nc6 3. Nc3 Nf6 4. Nxe5 Nxe5 5. d4 Ng6 6. e5 Ng8 7. Bc4 d5 8.
Bxd5 c6 9. Be4 Bb4 10. Bxg6 hxg6 11. Bf4 Be6 12. a3 Bxc3+ 13. bxc3 Ne7 14. Bg5
Qd7 15. O-O O-O 16. Qe2 b5 17. Rfe1 Nd5 18. Bd2 Nb6 19. Bg5 Rfe8 20. Rab1 Qd5
21. Rb3 a5 22. Rd1 a4 23. Rbb1 Qc4 24. Qxc4 Nxc4 25. Ra1 Bd5 26. h3 Re6 27. Bc1
f6 28. f4 Rf8 29. h4 Kh7 30. Re1 f5 31. Re2 Kh6 32. Kh2 Kh5 33. Kh3 Rc8 34. Rb1
Be4 35. Rxe4 fxe4 36. g4+ Kh6 37. f5+ Kh7 38. fxe6 Re8 39. Kg3 Rxe6 40. Rb4 Re8
41. Rxc4 bxc4 42. Kf4 Kg8 43. Kxe4 Kf7 44. d5 cxd5+ 45. Kxd5 Rd8+ 46. Kxc4 Ke6
47. Kb4 Rd1 48. Bg5 Rg1 49. Kxa4 Rxg4+ 50. Kb3 Kxe5 51. a4 Kd5 52. a5 Kc5 53.
Be7+ Kb5 54. Bd8 Re4 55. a6 Kxa6 56. c4 Kb7 57. Kc3 Kc6 58. Kd3 Re8 59. Bg5 Re1
60. Kd4 Re8 61. c3 Re1 62. Be3 Re2 63. Bf4 1-0

[Event "?"]
[Site "ICS rated blitz match, 192.23"]
[Date "1997.??.??"]
[Round "?"]
[White "Brause"]
[Black "Kiriakos"]
[Result "0-1"]
[WhiteElo "2555"]
[BlackElo "2080"]
[PlyCount "220"]

1. e4 e5 2. Nf3 Nc6 3. Nc3 Nf6 4. Nxe5 Nxe5 5. d4 Ng6 6. e5 Ng8 7. Bc4 d5 8.
Bxd5 c6 9. Be4 Bb4 10. Bxg6 hxg6 11. Bf4 Be6 12. a3 Bxc3+ 13. bxc3 Ne7 14. Bg5
Qd7 15. O-O O-O 16. Qe2 b5 17. Rfe1 Nd5 18. Bd2 Nb6 19. f3 Nc4 20. Bg5 a6 21.
a4 Rfe8 22. Qf2 Nb6 23. axb5 axb5 24. Red1 Rxa1 25. Rxa1 Ra8 26. Rxa8+ Nxa8 27.
Qe3 Nb6 28. Kf2 Nd5 29. Qd3 Nb6 30. g4 Qd5 31. Be7 Qc4 32. Bg5 Na4 33. Qxc4
Bxc4 34. Bd2 Kf8 35. Ke3 Ke7 36. g5 Ke6 37. Be1 Kf5 38. h4 Bd5 39. Bd2 Nb6 40.
Kf2 Nc4 41. Bc1 f6 42. exf6 gxf6 43. Ke2 Nd6 44. Be3 Nc4 45. Bc1 Nb6 46. Bd2
Nc8 47. Bc1 Nd6 48. Be3 Bc4+ 49. Kf2 Nf7 50. gxf6 Kxf6 51. Bf4 Kf5 52. Bc7 Ba2
53. Ke3 Nh6 54. Bf4 Ng8 55. Be5 Nf6 56. Bd6 Nd5+ 57. Kd2 Nf4 58. Be7 Ng2 59.
Ke2 Bb1 60. Kd2 Ba2 61. Ke2 Bc4+ 62. Kf2 Nf4 63. Bb4 Nd5 64. Ba5 Ba2 65. Kg3
Bb1 66. c4 bxc4 67. c3 Bd3 68. Kg2 Kf4 69. Kf2 Bc2 70. Ke2 Kg3 71. Kd2 Ba4 72.
Bd8 Kxf3 73. Bg5 Kg4 74. Bd8 Bb5 75. Bg5 Ba6 76. Bd8 Bc8 77. Bg5 Bf5 78. Bd8
Nf4 79. Kc1 Ng2 80. Kb2 Nxh4 81. Ka3 Nf3 82. Kb4 Nd2 83. Bc7 Be4 84. Bh2 Bd5
85. Ka3 Kf5 86. Kb2 g5 87. Bg1 g4 88. Bh2 Ke4 89. Ka3 Kf3 90. Kb4 g3 91. Bxg3
Kxg3 92. Ka3 Kf3 93. Kb2 Ke2 94. Ka3 Ne4 95. Kb2 Kd3 96. Ka3 Nxc3 97. Kb2 Kxd4
98. Kc2 Nb5 99. Kd2 c3+ 100. Kc2 Na3+ 101. Kc1 Kd3 102. Kd1 Nc4 103. Ke1 Na5
104. Kf2 c2 105. Kg3 c1=Q 106. Kg4 Qg1+ 107. Kh5 Ke4 108. Kh6 Kf5 109. Kh7 Kf6
110. Kh6 Qg6# 0-1

[Event "?"]
[Site "ICS rated blitz match, 192.23"]
[Date "1997.??.??"]
[Round "?"]
[White "Brause"]
[Black "Kiriakos"]
[Result "1-0"]
[WhiteElo "2525"]
[BlackElo "2105"]
[PlyCount "69"]

1. e4 e5 2. Nf3 Nc6 3. Nc3 Nf6 4. Nxe5 Nxe5 5. d4 Ng6 6. e5 Ng8 7. Bc4 d5 8.
Bxd5 c6 9. Be4 Bb4 10. a3 Bxc3+ 11. bxc3 Be6 12. Bxg6 hxg6 13. Bf4 Bc4 14. Qb1
Qd7 15. f3 Ba6 16. Bg5 Qf5 17. Qc1 Ne7 18. Bxe7 Kxe7 19. Qd2 Rad8 20. O-O-O
Rhe8 21. Qe3 Kf8 22. h4 Qe6 23. Kb2 Rd5 24. h5 Rb5+ 25. Kc1 g5 26. Qxg5 Qh6 27.
Qxh6 gxh6 28. Kd2 Rb2 29. Rb1 Ra2 30. Ra1 Bc4 31. Rxa2 Bxa2 32. Kd3 b5 33. Rg1
Bc4+ 34. Ke3 f6 35. Kf4 1-0

[Event "?"]
[Site "ICS rated blitz match, 192.23"]
[Date "1997.??.??"]
[Round "?"]
[White "Brause"]
[Black "Kiriakos"]
[Result "1-0"]
[WhiteElo "2535"]
[BlackElo "2100"]
[PlyCount "39"]

1. e4 e5 2. Nf3 Nc6 3. Nc3 Nf6 4. Nxe5 Nxe5 5. d4 Ng6 6. e5 Ng8 7. Bc4 d5 8.
Bxd5 c6 9. Be4 Bb4 10. O-O Bxc3 11. bxc3 Be6 12. Qd3 N8e7 13. f4 Bd5 14. f5 Nf8
15. f6 gxf6 16. exf6 Neg6 17. c4 Bxe4 18. Qxe4+ Kd7 19. Rb1 Kc8 20. d5 1-0

[Event "?"]
[Site "ICS rated blitz match, 192.23"]
[Date "1997.??.??"]
[Round "?"]
[White "Brause"]
[Black "Kiriakos"]
[Result "1-0"]
[WhiteElo "2560"]
[BlackElo "2095"]
[PlyCount "53"]

1. e4 e5 2. Nf3 Nc6 3. Nc3 Nf6 4. Nxe5 Nxe5 5. d4 Ng6 6. e5 Ng8 7. Bc4 d5 8.
Bxd5 c6 9. Be4 Bb4 10. O-O Bxc3 11. bxc3 Be6 12. Qd3 N8e7 13. f4 Bd5 14. f5
Bxe4 15. Qxe4 Qd5 16. Qxd5 Nxd5 17. fxg6 hxg6 18. Rf3 O-O 19. Ba3 Rfd8 20. Re1
Rd7 21. e6 fxe6 22. Rxe6 Nf6 23. Kf2 Kf7 24. Re5 Re8 25. g4 Rd5 26. Rxd5 cxd5
27. g5 1-0

[Event "?"]
[Site "ICS rated blitz match, 192.23"]
[Date "1997.??.??"]
[Round "?"]
[White "Brause"]
[Black "dilema"]
[Result "1-0"]
[WhiteElo "2560"]
[BlackElo "2130"]
[PlyCount "66"]

1. e4 e5 2. Nf3 Nc6 3. Nc3 Nf6 4. Nxe5 Nxe5 5. d4 Nc6 6. d5 Nb8 7. e5 Ng8 8. d6
cxd6 9. exd6 Nc6 10. Nb5 Qa5+ 11. Bd2 Qb6 12. Nc7+ Kd8 13. Nxa8 Qd4 14. Bg5+
Nf6 15. Qxd4 Nxd4 16. O-O-O Ne6 17. Bxf6+ gxf6 18. Be2 Rg8 19. g3 f5 20. Rhf1
f4 21. c3 Nc5 22. Bh5 fxg3 23. fxg3 Ne4 24. Rxf7 Bxd6 25. Rd4 Ng5 26. Rxd6 Nxf7
27. Bxf7 Rf8 28. Bc4 b6 29. Bb5 Rf7 30. Bc4 Re7 31. Bd5 h6 32. Rxh6 Re5 33.
Rh8+ Re8 1-0

[Event "?"]
[Site "ICS rated blitz match, 192.23"]
[Date "1997.??.??"]
[Round "?"]
[White "Brause"]
[Black "oldtimer"]
[Result "0-1"]
[WhiteElo "2555"]
[BlackElo "2405"]
[PlyCount "270"]

1. e4 e5 2. Nf3 Nc6 3. Nc3 Nf6 4. Nxe5 Nxe5 5. d4 Ng6 6. e5 Ng8 7. Bc4 d5 8.
Bxd5 c6 9. Be4 f5 10. Bf3 Bb4 11. O-O Be6 12. a3 Bxc3 13. bxc3 N8e7 14. Bg5 h6
15. Be3 b5 16. a4 a6 17. axb5 axb5 18. Rxa8 Qxa8 19. Qb1 O-O 20. Qb4 Nd5 21.
Qd6 Qc8 22. Bxd5 cxd5 23. Rb1 f4 24. Bd2 Qd7 25. Qb6 f3 26. gxf3 Nh4 27. Be3
Bh3 28. e6 Bxe6 29. Qc5 Qf7 30. Qd6 Qxf3 31. Qg3 g5 32. Qxf3 Nxf3+ 33. Kg2 Nh4+
34. Kg1 Bh3 35. Rxb5 Nf3+ 36. Kh1 Ra8 37. Rb1 Ra2 38. c4 dxc4 39. c3 Kf7 40. d5
Kf6 41. Rd1 Bf5 42. d6 Bd3 43. Bc5 Ke6 44. Kg2 Nh4+ 45. Kg1 Nf5 46. Re1+ Kd7
47. Kg2 Nxd6 48. Kf3 Ra8 49. Re5 Re8 50. Bxd6 Rxe5 51. Bxe5 Ke6 52. Bb8 Kf5 53.
Ke3 h5 54. f3 g4 55. Bg3 gxf3 56. Kxf3 Be4+ 57. Ke3 Bd3 58. Kd4 Be2 59. Bd6 Bd3
60. Be7 Be2 61. Kd5 Bd3 62. Bd8 Be2 63. Bb6 Bd3 64. Bf2 Kg4 65. Kd6 Kh3 66. Bg3
Be2 67. Kd5 Bd3 68. Be5 Be2 69. Ke4 Bd3+ 70. Kf3 Bf1 71. Bg3 Bd3 72. Kf4 Bf1
73. Kg5 Be2 74. Be5 Bd1 75. Bd6 Bf3 76. Kf4 Be2 77. Ke3 Bf1 78. Kf2 Bd3 79. Kf3
Bf1 80. Bc7 Bd3 81. Bf4 Bf1 82. Bb8 Bd3 83. Kf4 Bf1 84. Kg5 Be2 85. Bf4 Bf3 86.
Kf5 Be2 87. Be5 Bd1 88. Ke4 Be2 89. Ke3 Bf1 90. Kf4 Bd3 91. Kg5 Be2 92. Bc7 Bf3
93. Kf5 Bd1 94. Bd6 Be2 95. Ke4 Bd3+ 96. Kd4 Be2 97. Kc5 Bf1 98. Kd5 Be2 99.
Bb8 Bf1 100. Kd4 Be2 101. Be5 Bf1 102. Kc5 Be2 103. Kc6 Bf1 104. Kb6 Be2 105.
Kc5 Kh4 106. h3 Kxh3 107. Kd4 Kg2 108. Bf6 Kg3 109. Be5+ Kf3 110. Bf6 Bd3 111.
Kd5 Kg4 112. Be5 h4 113. Ke6 h3 114. Kd5 Kf3 115. Kd4 Kg2 116. Ke3 h2 117. Bxh2
Kxh2 118. Kd4 Kg2 119. Kd5 Kf3 120. Ke5 Ke3 121. Kd5 Bf1 122. Ke5 Kd3 123. Kd5
Bg2+ 124. Kd6 Kxc3 125. Kc5 Kd3 126. Kb4 c3 127. Kc5 c2 128. Kd6 c1=Q 129. Ke6
Qc7 130. Kf6 Bd5 131. Kf5 Ke3 132. Kf6 Kf4 133. Kg6 Qf7+ 134. Kh6 Qg8 135. Kh5
Qh7# 0-1

[Event "?"]
[Site "ICS rated blitz match, 192.23"]
[Date "1997.??.??"]
[Round "?"]
[White "Brause"]
[Black "oldtimer"]
[Result "0-1"]
[WhiteElo "2530"]
[BlackElo "2425"]
[PlyCount "122"]

1. e4 e5 2. Nf3 Nc6 3. Nc3 Nf6 4. Nxe5 Nxe5 5. d4 Ng6 6. e5 Ng8 7. Bc4 d5 8.
Bxd5 c6 9. Be4 f5 10. Bf3 Bb4 11. O-O Be6 12. a3 Bxc3 13. bxc3 N8e7 14. Bg5 h6
15. Be3 O-O 16. Qd3 b5 17. Rfe1 Bc4 18. Qd1 Nd5 19. Bd2 Nge7 20. a4 a6 21. Ra3
Nb6 22. axb5 axb5 23. Rxa8 Qxa8 24. Qb1 Nbd5 25. Qa1 Qb7 26. Be2 Bxe2 27. Rxe2
Ra8 28. Qb2 Qa6 29. Qb3 Qa2 30. f3 Ra3 31. Qxa2 Rxa2 32. Be1 Ra1 33. Kf2 Ra3
34. c4 bxc4 35. g3 Kf7 36. h3 Ke6 37. Rd2 Nc3 38. g4 f4 39. Kg2 g5 40. h4 Ned5
41. Kg1 Ra1 42. Kf2 gxh4 43. Kg2 Rxe1 44. Kf2 Rc1 45. Kg2 Rxc2 46. Rxc2 Ne3+
47. Kh3 Nxc2 48. Kh2 Nxd4 49. g5 hxg5 50. Kh3 Kf5 51. Kg2 Kxe5 52. Kh3 Kf5 53.
Kg2 Nd1 54. Kf1 c3 55. Ke1 Ne3 56. Kf2 Nec2 57. Kf1 Ne3+ 58. Kf2 c2 59. Kg1
c1=Q+ 60. Kh2 Nxf3+ 61. Kh3 g4# 0-1

[Event "?"]
[Site "ICS rated blitz match, 192.23"]
[Date "1997.??.??"]
[Round "?"]
[White "Brause"]
[Black "K6-Krafty"]
[Result "0-1"]
[WhiteElo "2535"]
[BlackElo "2670"]
[PlyCount "147"]

1. e4 e5 2. Nf3 Nc6 3. Nc3 Nf6 4. Nxe5 Nxe5 5. d4 Nc6 6. d5 Na5 7. e5 Ng8 8. d6
cxd6 9. exd6 Qf6 10. Qe2+ Qe6 11. Nb5 Qxe2+ 12. Bxe2 Rb8 13. Bf4 Nf6 14. Nxa7
Nd5 15. Be5 f6 16. Rd1 Nc6 17. Rxd5 fxe5 18. Nb5 g6 19. O-O Bh6 20. Bc4 Rf8 21.
Nc7+ Kd8 22. c3 Rf6 23. Re1 Bf8 24. Nb5 b6 25. a4 Bg7 26. Bd3 Bb7 27. Be4 Rf4
28. g3 Rxe4 29. Rxe4 Na5 30. Rdxe5 Bxe4 31. Rxe4 Nc6 32. f4 Bf8 33. Kf2 Na5 34.
Rd4 Nb7 35. Ke3 Rc8 36. f5 gxf5 37. Kf3 Rc5 38. h3 Re5 39. Rh4 h6 40. Rb4 Re6
41. Nd4 Rxd6 42. Rb5 Bg7 43. Nxf5 Rf6 44. g4 Kc7 45. Kg2 Rf7 46. h4 Bf8 47. b4
Nd6 48. Nxd6 Bxd6 49. Rf5 Rxf5 50. gxf5 Be5 51. c4 Bc3 52. Kf3 Bxb4 53. f6 Kd6
54. Kg4 Ke6 55. f7 Kxf7 56. Kf5 Bc3 57. h5 d6 58. Ke4 Kf6 59. Kd5 Bb4 60. Kc6
Bc5 61. Kd5 Kf5 62. Kc6 Kg5 63. Kd5 Kxh5 64. Ke4 Kg4 65. Kd3 Kf3 66. Kd2 h5 67.
a5 bxa5 68. Kc3 a4 69. Kd3 h4 70. Kc3 h3 71. Kd2 h2 72. Kc3 h1=Q 73. Kc2 Qa1
74. Kd3 0-1

[Event "?"]
[Site "ICS rated blitz match, 192.23"]
[Date "1997.??.??"]
[Round "?"]
[White "Brause"]
[Black "Kiriakos"]
[Result "1-0"]
[WhiteElo "2505"]
[BlackElo "2085"]
[PlyCount "77"]

1. e4 e5 2. Nf3 Nc6 3. Nc3 Nf6 4. Nxe5 Nxe5 5. d4 Ng6 6. e5 Ng8 7. Bc4 d5 8.
Bxd5 Bb4 9. Qf3 f6 10. O-O Bxc3 11. bxc3 Bg4 12. Bc6+ bxc6 13. Qxg4 Qd7 14. e6
Qd5 15. Ba3 N8e7 16. Rfe1 O-O 17. Qg3 Rac8 18. Qd3 Qb5 19. Bc5 Qxd3 20. cxd3 a6
21. Rab1 Rb8 22. f3 Rfe8 23. Rxb8 Rxb8 24. c4 Kf8 25. g3 Ke8 26. Re2 Rb1+ 27.
Kf2 Nf8 28. a3 Nc8 29. g4 Nd6 30. f4 Ng6 31. Ke3 Ne7 32. Rf2 g6 33. Bb4 f5 34.
h3 Rg1 35. g5 Nec8 36. Rf3 Ke7 37. Kf2 Kxe6 38. Re3+ Kf7 39. Kxg1 1-0

[Event "?"]
[Site "ICS rated blitz match, 192.23"]
[Date "1997.??.??"]
[Round "?"]
[White "Brause"]
[Black "Kiriakos"]
[Result "1-0"]
[WhiteElo "2510"]
[BlackElo "2080"]
[PlyCount "75"]

1. e4 e5 2. Nf3 Nc6 3. Nc3 Nf6 4. Nxe5 Nxe5 5. d4 Ng6 6. e5 Be7 7. exf6 Bxf6 8.
Be3 O-O 9. Bd3 d5 10. O-O c6 11. b3 Be6 12. Qd2 Qa5 13. Ne4 Qd8 14. Nxf6+ gxf6
15. Bh6 Re8 16. Rfe1 Qd6 17. Qe3 Bd7 18. Qf3 Rxe1+ 19. Rxe1 Re8 20. Rxe8+ Bxe8
21. Bf5 Qe7 22. Kf1 b6 23. Qg3 c5 24. dxc5 Bb5+ 25. Bd3 Bxd3+ 26. cxd3 bxc5 27.
Qb8+ Nf8 28. Qa8 d4 29. h3 f5 30. a4 f6 31. a5 Kf7 32. Bxf8 Qxf8 33. Qxa7+ Kg6
34. a6 Qd6 35. Qa8 Qe6 36. Qb7 f4 37. Qe4+ f5 38. Qxe6+ 1-0

[Event "?"]
[Site "ICS rated blitz match, 192.23"]
[Date "1997.??.??"]
[Round "?"]
[White "Brause"]
[Black "Kiriakos"]
[Result "1/2-1/2"]
[WhiteElo "2515"]
[BlackElo "2075"]
[PlyCount "189"]

1. e4 e5 2. Nf3 Nc6 3. Nc3 Nf6 4. Nxe5 Nxe5 5. d4 Ng6 6. e5 Be7 7. exf6 Bxf6 8.
Be3 O-O 9. Bd3 d5 10. O-O Be6 11. Re1 c6 12. b3 Qd7 13. Na4 b6 14. Nc3 Bf5 15.
Qd2 Bxd3 16. Qxd3 Rfe8 17. Re2 Re6 18. f4 Re7 19. Rae1 Rae8 20. Bd2 Rxe2 21.
Rxe2 Rxe2 22. Nxe2 Ne7 23. Bc3 Qf5 24. Qxf5 Nxf5 25. Kf2 Nd6 26. Ke3 Ne4 27.
Bb2 Kf8 28. g4 g6 29. c4 Ke7 30. cxd5 cxd5 31. Nc3 Nxc3 32. Bxc3 Kd7 33. Kd3
Be7 34. f5 Bd6 35. fxg6 fxg6 36. h3 Ke6 37. Bd2 h5 38. a4 hxg4 39. hxg4 Bh2 40.
Bg5 Bg1 41. Bf4 Bf2 42. Bb8 a6 43. Bf4 b5 44. axb5 axb5 45. Be5 Be1 46. Bc7 Bb4
47. Bd8 Be1 48. Bb6 Bb4 49. Bc5 Be1 50. Ke2 Bg3 51. Kd2 Bc7 52. Kc3 Ba5+ 53.
Bb4 Bc7 54. Kd3 Bf4 55. Bf8 Bc7 56. Kc3 Ba5+ 57. Kc2 Be1 58. Bh6 Bf2 59. Kd3
Be1 60. Bg5 Ba5 61. Ke2 Bc3 62. Ke3 Ba5 63. Bh4 Bc3 64. Kd3 Ba5 65. Bg3 Bb4 66.
Bb8 Be1 67. Ke3 Bc3 68. Bf4 Be1 69. Be5 Bc3 70. Bc7 Be1 71. Bb6 Bc3 72. Ke2 Bb4
73. Kd3 Be1 74. Kc2 Bb4 75. Ba7 Be1 76. Bb8 Bb4 77. Bf4 Be1 78. Kd3 Bb4 79. Ke2
Bc3 80. Be3 Bb4 81. Kf3 Bc3 82. Kg3 Bb4 83. Kf4 Kf6 84. Kf3 Ke6 85. Bh6 Bc3 86.
Ke3 Bb4 87. Kf2 Bc3 88. Bg7 Bb4 89. Be5 Bc3 90. Ke2 Bb4 91. Bg3 Bc3 92. Bf2 Bb4
93. Kd3 Ba5 94. Be3 Bb4 95. Bd2 1/2-1/2

[Event "?"]
[Site "ICS rated blitz match, 192.23"]
[Date "1997.??.??"]
[Round "?"]
[White "Brause"]
[Black "Kiriakos"]
[Result "1-0"]
[WhiteElo "2505"]
[BlackElo "2085"]
[PlyCount "93"]

1. e4 e5 2. Nf3 Nc6 3. Nc3 Nf6 4. Nxe5 Nxe5 5. d4 Ng6 6. e5 Be7 7. exf6 Bxf6 8.
Be3 O-O 9. Bd3 d5 10. O-O Be6 11. Qf3 Qd7 12. Rfe1 c6 13. Bxg6 hxg6 14. Rac1
Rfe8 15. Qg3 b5 16. Re2 Bg4 17. f3 Bf5 18. Qf2 Re7 19. g4 Bxg4 20. fxg4 Qxg4+
21. Kh1 b4 22. Rg1 Qh5 23. Nd1 Bxd4 24. Rg5 Bxe3 25. Rxh5 Bxf2 26. Rxe7 gxh5
27. Nxf2 Rc8 28. Rxa7 Re8 29. Nd3 Re2 30. Nxb4 c5 31. Nxd5 Rxc2 32. Rb7 h4 33.
Kg1 h3 34. Nf4 Rc1+ 35. Kf2 Ra1 36. a3 c4 37. Nxh3 c3 38. bxc3 Rxa3 39. Ng5 g6
40. Rc7 Kg7 41. Rxf7+ Kh6 42. Ne4 g5 43. Ke3 Kg6 44. Rf6+ Kh5 45. Kf3 g4+ 46.
Kg3 Ra4 47. Rf4 1-0

[Event "?"]
[Site "ICS rated blitz match, 192.23"]
[Date "1997.??.??"]
[Round "?"]
[White "Brause"]
[Black "Kiriakos"]
[Result "1-0"]
[WhiteElo "2510"]
[BlackElo "2080"]
[PlyCount "41"]

1. e4 e5 2. Nf3 Nc6 3. Nc3 Nf6 4. Nxe5 Nxe5 5. d4 Ng6 6. e5 Be7 7. exf6 Bxf6 8.
Bc4 O-O 9. O-O c6 10. d5 d6 11. Bd2 c5 12. Bd3 Ne5 13. Bf4 Nxd3 14. Qxd3 a6 15.
Rae1 b5 16. Ne4 Bf5 17. Qg3 Bh4 18. Qf3 Be7 19. Nxd6 Bxc2 20. Nb7 Qd7 21. d6
1-0

[Event "?"]
[Site "ICS rated blitz match, 192.23"]
[Date "1997.??.??"]
[Round "?"]
[White "Brause"]
[Black "Kiriakos"]
[Result "1-0"]
[WhiteElo "2515"]
[BlackElo "2075"]
[PlyCount "37"]

1. e4 e5 2. Nf3 Nc6 3. Nc3 Nf6 4. Nxe5 Nxe5 5. d4 Ng6 6. e5 Be7 7. exf6 Bxf6 8.
Bc4 O-O 9. O-O a6 10. Be3 b5 11. Bd3 d5 12. Qf3 c6 13. Rfe1 Be6 14. Rad1 Qd7
15. h3 Ne7 16. Ne2 Bf5 17. Ng3 Bxd3 18. Rxd3 g6 19. Qxf6 1-0

[Event "?"]
[Site "ICS rated blitz match, 192.23"]
[Date "1997.??.??"]
[Round "?"]
[White "Brause"]
[Black "Kiriakos"]
[Result "1-0"]
[WhiteElo "2520"]
[BlackElo "2075"]
[PlyCount "67"]

1. e4 e5 2. Nf3 Nc6 3. Nc3 Nf6 4. Nxe5 Nxe5 5. d4 Ng6 6. e5 Be7 7. exf6 Bxf6 8.
Bc4 O-O 9. O-O a6 10. Be3 b5 11. Bd3 d5 12. Qf3 Be6 13. Rae1 Qd7 14. a3 c6 15.
h3 Rfe8 16. Re2 Be7 17. Bxg6 hxg6 18. Rfe1 Bd6 19. Bf4 Bxf4 20. Qxf4 Bf5 21.
Qd2 Rxe2 22. Qxe2 Kf8 23. g4 Be6 24. a4 b4 25. Nb1 Qa7 26. Qe5 Rc8 27. Nd2 c5
28. Qd6+ Qe7 29. Qxa6 cxd4 30. Qxc8+ Bxc8 31. Rxe7 Kxe7 32. Nb3 Bd7 33. a5 Kd6
34. a6 1-0